000 00704nam a2200157 4500
999 _c16462
_d16462
008 220207b ||||| |||| 00| 0 eng d
022 _a0893-8989
082 _aDPer 363.205 P75 Sept 2013-May 2016 v. 37 & 40, n. 9-11/1-5
100 _aReyes, Roselynne.
_943871
245 _aLPR technology:
_bharness the power of the latest cameras and software to quickly capture license plate information and use the data to solve crimes/
_cRoselynne Reyes.
260 _aCalifornia:
_bBobit Business Media,
_c©Sept 2013-May 2016.
300 _av40 n5, pages 20-23;
_billustrations:
_c27 cm.
500 _aPolice: the law enforcement.
650 _aTechnology
_xLaw enforcement
_xOperation.
_943834
942 _2ddc
_cPER